| 000 | 00964nam a2200217 4500 | ||
|---|---|---|---|
| 001 | 83203 | ||
| 003 | BD-RjUL | ||
| 005 | 20240303132045.0 | ||
| 008 | 240303s1962 pk ||||| |||| 00| 0 urd d | ||
| 035 | _a(BD-RjUL)83203 | ||
| 040 |
_aBD-RjUL _beng _cBD-RjUL |
||
| 041 | _aeng | ||
| 082 |
_223 _a954.0088297 _bFAT 1962 |
||
| 100 | 1 |
_a فریدآبادی٫ سید ہاشمی ;; Faridabadi, Syed Hashmi _912027 |
|
| 245 | 1 | 0 |
_a تاریخ مسلمانان پاکستان و بھارت ;; Tarikh i musalmanan Pakistan wa Bharat / _c سید ہاشمی فریدآبادی ;; Syed Hashmi Faridabadi |
| 260 |
_a پاکستان : _bنجمن ترقی اردو، _c1953 |
||
| 300 |
_aV. : _bill. map. ; _c21 cm |
||
| 505 | _aVol. 1. عہد کشورکشائ : محمد بن قاسم سے اورنگزیب عالم گیر تک ;; Ahed Kashwarksha’i: Muhammad bin Qasim Say Aurangzeb Alamgir tak | ||
| 650 |
_aHistory _vMuslims _zPakistan and India _912028 |
||
| 942 |
_2ddc _cBK |
||
| 999 |
_c83203 _d83203 |
||